Making geography matter: The past and present of a changing discipline (Record no. 1464658)
[ view plain ]
| 000 -LEADER | |
|---|---|
| fixed length control field | 01190nam a2200193 4500 |
| 005 - DATE AND TIME OF LATEST TRANSACTION | |
| control field | 20251009162038.0 |
| 008 - FIXED-LENGTH DATA ELEMENTS--GENERAL INFORMATION | |
| fixed length control field | 251009b |||||||| |||| 00| 0 eng d |
| 020 ## - INTERNATIONAL STANDARD BOOK NUMBER | |
| International Standard Book Number | 97810323802513 |
| 037 ## - SOURCE OF ACQUISITION | |
| Terms of availability | Textual |
| 040 ## - CATALOGING SOURCE | |
| Original cataloging agency | RTL |
| Transcribing agency | RTL |
| 084 ## - COLON CLASSIFICATION NUMBER | |
| Assigning agency | RTL |
| 245 ## - TITLE STATEMENT | |
| Title | Making geography matter: The past and present of a changing discipline |
| 300 ## - PHYSICAL DESCRIPTION | |
| Extent | xv, 399 p. |
| Other physical details | Includes bibliographical reference and index |
| 520 ## - SUMMARY, ETC. | |
| Summary, etc. | What is the purpose of Geography? What do geographers study and why? How do they seek to shape the world they interrogate? This book addresses these questions by examining the lives and works of individual geographers, both past and present. Like all disciplines, Geography is no more nor less than the collective endeavours of researchers and teachers operating in specific contexts. The contexts both shape, and are shaped by, these individuals. This book's biographical and autobiographical chapters transport readers to the times and places where geographers have sought to make Geography matter. |
| 700 ## - ADDED ENTRY--PERSONAL NAME | |
| Personal name | Castree, Noel |
| Relator term | Editor |
| 9 (RLIN) | 847916 |
| 700 ## - ADDED ENTRY--PERSONAL NAME | |
| Personal name | Barnes, Trevor |
| Relator term | Editor |
| 9 (RLIN) | 847917 |
| 700 ## - ADDED ENTRY--PERSONAL NAME | |
| Personal name | Salmond, Jennifer |
| Relator term | Editor |
| 9 (RLIN) | 847918 |
| 942 ## - ADDED ENTRY ELEMENTS (KOHA) | |
| Source of classification or shelving scheme | Colon Classification (CC) |
| Suppress in OPAC | No |
| Koha item type | Textual |
| Withdrawn status | Lost status | Source of classification or shelving scheme | Damaged status | Not for loan | Home library | Current library | Date acquired | Total Checkouts | Barcode | Date last seen | Price effective from | Koha item type |
|---|---|---|---|---|---|---|---|---|---|---|---|---|
| Colon Classification (CC) | Ratan Tata Library | Ratan Tata Library | 2025-10-09 | RT1528482 | 2025-10-09 | 2025-10-09 | Textual |
